[Event "Madrid-ch sf"]
[Site "Madrid"]
[Date "2022.05.04"]
[Round "1"]
[White "Pindado Campos, Raul"]
[Black "Feal Albala, Alonso"]
[Result "1/2-1/2"]
[WhiteElo "2073"]
[BlackElo "1892"]
[PlyCount "84"]
[EventDate "2022.05.04"]
[EventType "swiss"]
[EventRounds "9"]
[EventCountry "ESP"]
[SourceTitle "EXT 2023"]
[Source "ChessBase"]
[SourceDate "2022.10.05"]
[SourceVersion "1"]
[SourceVersionDate "2022.10.05"]
[SourceQuality "1"]

1. d4 Nf6 2. c4 c5 3. d5 e6 4. Nc3 exd5 5. cxd5 d6 6. e4 g6 7. f4 Bg7 8. Bb5+ Bd7 9. e5 Nh5 10. Nf3 0-0 11. 0-0 Re8 12. e6 fxe6 13. dxe6 Bxb5 14. Nxb5 d5 15. f5 a6 16. fxg6 hxg6 17. Nc3 Rxe6 18. Bg5 Qd7 19. Qxd5 Bxc3 20. Qxd7 Nxd7 21. bxc3 Ndf6 22. a4 Ne4 23. Be3 Rae8 24. Ng5 Nxg5 25. Bxg5 Re5 26. Bh4 g5 27. Bf2 Nf4 28. Kh1 Ne2 29. c4 g4 30. a5 Rh5 31. g3 Re7 32. Kg2 Reh7 33. Rh1 Nd4 34. Rad1 Nc6 35. Rd5 Rxd5 36. cxd5 Nxa5 37. Bxc5 Rc7 38. Bf2 Rd7 39. Rd1 Nc6 40. Rb1 Ne5 41. h3 gxh3+ 42. Kxh3 b5 1/2-1/2

[Event "Madrid-ch sf"]
[Site "Madrid"]
[Date "2021.05.06"]
[Round "2"]
[White "Del Castillo Izquierdo, Jose"]
[Black "Pindado Campos, Raul"]
[Result "0-1"]
[WhiteElo "1728"]
[BlackElo "2152"]
[PlyCount "94"]
[EventDate "2021.05.05"]
[EventType "swiss"]
[EventRounds "9"]
[EventCountry "ESP"]
[SourceTitle "EXT 2022"]
[Source "ChessBase"]
[SourceDate "2021.10.06"]
[SourceVersion "1"]
[SourceVersionDate "2021.10.06"]
[SourceQuality "1"]

1. d4 Nf6 2. Nf3 d5 3. c4 c6 4. Nc3 e6 5. Bg5 Nbd7 6. e3 Be7 7. Qc2 0-0 8. a3 h6 9. h4 b6 10. Bd3 dxc4 11. Bxc4 Bb7 12. Bf4 c5 13. Rd1 Qc8 14. d5 exd5 15. Nxd5 Nxd5 16. Rxd5 Bxd5 17. Bxd5 Nf6 18. Ng5 Qd7 19. Bc4 Bd6 20. Nxf7 Rxf7 21. Bxf7+ Kxf7 22. Qc4+ Qe6 23. Qxe6+ Kxe6 24. Bxd6 Kxd6 25. f3 a5 26. e4 b5 27. Kd2 Rd8 28. a4 bxa4 29. Ra1 Rb8 30. Kc3 Rb3+ 31. Kc4 Rb4+ 32. Kc3 Ke5 33. g3 Rb3+ 34. Kc4 Rxf3 35. Rxa4 Nxe4 36. Rxa5 Rxg3 37. Ra7 Rg4 38. h5 Nd6+ 39. Kd3 c4+ 40. Ke3 Rg5 41. Rc7 Rg2 42. Kf3 Rg5 43. Ke3 Kf6 44. Rc6 Ke6 45. Rc7 Rxh5 46. Kd2 Rh2+ 47. Kc1 g5 0-1

[Event "De los Reyes op 21st"]
[Site "De los Reyes"]
[Date "2019.12.08"]
[Round "9"]
[White "Perez Ordonez, Jose Ramon"]
[Black "Pindado Campos, Raul"]
[Result "0-1"]
[WhiteElo "2149"]
[BlackElo "2106"]
[PlyCount "68"]
[EventDate "2019.11.30"]
[EventType "swiss"]
[EventRounds "9"]
[EventCountry "ESP"]
[SourceTitle "CBM 193 Extra"]
[Source "ChessBase"]
[SourceDate "2020.01.31"]
[SourceVersion "1"]
[SourceVersionDate "2020.01.31"]
[SourceQuality "1"]

1. d4 Nf6 2. c4 g6 3. Nc3 Bg7 4. Nf3 0-0 5. e4 d6 6. Be2 e5 7. 0-0 Nc6 8. d5 Ne7 9. Nd2 Nd7 10. b4 f5 11. c5 Nf6 12. f3 f4 13. a4 g5 14. Ba3 Rf7 15. Nc4 Bf8 16. b5 Ng6 17. b6 axb6 18. cxb6 Ne8 19. bxc7 Rxc7 20. Kh1 h5 21. Bb4 g4 22. fxg4 hxg4 23. g3 Rh7 24. Qe1 Bh6 25. Kg1 f3 26. Bd3 Nf4 27. Bc2 Ng2 28. Qf2 Qg5 29. Nb5 Qh5 30. h4 Nxh4 31. gxh4 Bf4 32. Be1 g3 33. Qxf3 Qxh4 34. Qg2 Bh3 0-1

[Event "ESP-ch 84th"]
[Site "Marbella"]
[Date "2019.11.20"]
[Round "5"]
[White "Pindado Campos, Raul"]
[Black "Bernabeu Lopez, Carlos Javier"]
[Result "1/2-1/2"]
[WhiteElo "2100"]
[BlackElo "2366"]
[PlyCount "110"]
[EventDate "2019.11.16"]
[EventType "swiss"]
[EventRounds "9"]
[EventCountry "ESP"]
[SourceTitle "CBM 193 Extra"]
[Source "ChessBase"]
[SourceDate "2020.01.31"]
[SourceVersion "1"]
[SourceVersionDate "2020.01.31"]
[SourceQuality "1"]

1. d4 g6 2. c4 Bg7 3. Nf3 Nf6 4. g3 0-0 5. Bg2 d6 6. 0-0 Nc6 7. Nc3 Bg4 8. h3 Bxf3 9. Bxf3 Nd7 10. e3 e5 11. Ne2 exd4 12. exd4 Qf6 13. Bg2 Nxd4 14. Bxb7 Rab8 15. Bg2 Nc5 16. Nc3 Qe6 17. Nd5 Ne2+ 18. Kh2 Nxc1 19. Rxc1 Rxb2 20. Nxc7 Qf5 21. Nd5 Re8 22. Ne3 Qd3 23. Qf3 Qe2 24. Qc6 Rd8 25. Rce1 Qh5 26. Nd5 Ne6 27. f4 h6 28. f5 Nd4 29. Ne7+ Kh7 30. Qd5 gxf5 31. Nxf5 Nxf5 32. Rxf5 Qg6 33. Rxf7 Kh8 34. Qf5 Qxf5 35. Rxf5 Rxa2 36. h4 Rg8 37. Kh3 Be5 38. Re3 Rc8 39. Bd5 a5 40. Ref3 Rc2 41. Rf7 Rc3 42. Rxc3 Bxc3 43. Ra7 Re8 44. Ra8 Rxa8 45. Bxa8 a4 46. Be4 Kg7 47. Kg4 Kf6 48. Kf3 Ke5 49. Ke3 Be1 50. h5 Bxg3 51. Bb1 a3 52. Kd3 Kf6 53. Kc3 a2 54. Bxa2 Kg5 55. c5 dxc5 1/2-1/2

[Event "Madrid Chamartin op 8th"]
[Site "Madrid"]
[Date "2019.09.13"]
[Round "7"]
[White "Renteria Becerra, Jorge Elicer"]
[Black "Pindado Campos, Raul"]
[Result "1/2-1/2"]
[WhiteElo "2286"]
[BlackElo "2097"]
[PlyCount "181"]
[EventDate "2019.09.09"]
[EventType "swiss"]
[EventRounds "9"]
[EventCountry "ESP"]
[SourceTitle "CBM 192 Extra"]
[Source "Chessbase"]
[SourceDate "2019.11.06"]
[SourceVersion "1"]
[SourceVersionDate "2019.11.06"]
[SourceQuality "1"]

1. e4 c5 2. Nf3 d6 3. d4 cxd4 4. Qxd4 Nc6 5. Bb5 Bd7 6. Bxc6 Bxc6 7. Nc3 h6 8. 0-0 e5 9. Qd3 Nf6 10. Nd2 Be7 11. Nc4 0-0 12. Ne3 Bd7 13. Ncd5 Nxd5 14. Nxd5 f5 15. Qb3 Kh8 16. exf5 Bxf5 17. Qxb7 Bh4 18. Ne3 Be6 19. c4 Qf6 20. f3 Qg6 21. b3 Rab8 22. Qe4 Qh5 23. Ba3 Rf4 24. Qc2 Rd8 25. g4 Qg5 26. Ng2 Rf7 27. Bb2 Qe7 28. Qe4 Bf6 29. Rad1 d5 30. cxd5 Qc5+ 31. Qe3 Rxd5 32. Rxd5 Qxd5 33. Re1 Bd7 34. h4 Bd8 35. Kh2 Bc6 36. Qe4 Qxe4 37. fxe4 Rf2 38. Bxe5 Bxh4 39. Bg3 Bxg3+ 40. Kxg3 Rxa2 41. Nh4 Ra3 42. Re3 Ba4 43. Nf3 Rxb3 44. Re1 Bc6 45. Kf2 a5 46. Nd4 Rb2+ 47. Ke3 Bd7 48. e5 Bxg4 49. Ra1 h5 50. Rxa5 Rb6 51. Kf4 Kg8 52. Kg5 Kf7 53. Ra7+ Kf8 54. Rc7 Ra6 55. Rb7 Kg8 56. Nb5 Kh7 57. Nd6 Ra5 58. Re7 Rc5 59. Ne4 Rc8 60. Nf6+ Kh8 61. Ne8 Kg8 62. Nxg7 Rf8 63. Kg6 h4 64. Kg5 h3 65. Ne8 h2 66. Nf6+ Rxf6 67. exf6 h1Q 68. Kxg4 Qd5 69. Kf4 Kf8 70. Kg4 Qg2+ 71. Kf5 Qf3+ 72. Kg5 Qh3 73. Rg7 Qe3+ 74. Kf5 Qc5+ 75. Ke6 Qc4+ 76. Ke5 Qc3+ 77. Ke6 Qh3+ 78. Ke5 Qc8 79. Re7 Qc5+ 80. Ke6 Qe3+ 81. Kf5 Qf3+ 82. Ke5 Qh5+ 83. Ke6 Qg6 84. Ke5 Qh5+ 85. Ke6 Qh3+ 86. Ke5 Qg3+ 87. Kf5 Qh4 88. Rg7 Qf2+ 89. Ke5 Qb6 90. Re7 Qc6 91. Rg7 1/2-1/2

[Event "Madrid Chamartin op 8th"]
[Site "Madrid"]
[Date "2019.09.12"]
[Round "6"]
[White "Pindado Campos, Raul"]
[Black "Carrasco Coquillat, Alvaro"]
[Result "1/2-1/2"]
[WhiteElo "2097"]
[BlackElo "2009"]
[PlyCount "34"]
[EventDate "2019.09.09"]
[EventType "swiss"]
[EventRounds "9"]
[EventCountry "ESP"]
[SourceTitle "CBM 192 Extra"]
[Source "Chessbase"]
[SourceDate "2019.11.06"]
[SourceVersion "1"]
[SourceVersionDate "2019.11.06"]
[SourceQuality "1"]

1. d4 Nf6 2. c4 g6 3. Nf3 Bg7 4. g3 0-0 5. Bg2 d6 6. 0-0 Nbd7 7. Nc3 e5 8. dxe5 dxe5 9. Qc2 c6 10. Rd1 Re8 11. Ng5 Qc7 12. Nge4 Nxe4 13. Nxe4 Nf6 14. Nd6 Rd8 15. Nxc8 Rxd1+ 16. Qxd1 Rxc8 17. Qc2 Rd8 1/2-1/2

[Event "Madrid Chamartin op 8th"]
[Site "Madrid"]
[Date "2019.09.11"]
[Round "4"]
[White "Pindado Campos, Raul"]
[Black "Alvarez Poves, Jesus"]
[Result "1-0"]
[WhiteElo "2097"]
[BlackElo "1794"]
[PlyCount "101"]
[EventDate "2019.09.09"]
[EventType "swiss"]
[EventRounds "9"]
[EventCountry "ESP"]
[SourceTitle "CBM 192 Extra"]
[Source "Chessbase"]
[SourceDate "2019.11.06"]
[SourceVersion "1"]
[SourceVersionDate "2019.11.06"]
[SourceQuality "1"]

1. d4 Nf6 2. c4 e6 3. g3 d5 4. Bg2 Be7 5. Nf3 0-0 6. 0-0 b6 7. Nc3 Bb7 8. Ne5 Ne4 9. cxd5 exd5 10. Be3 Re8 11. Nxe4 dxe4 12. Qc2 f5 13. Rac1 Na6 14. Nc6 Qc8 15. Qc4+ Kh8 16. Ne5 h6 17. Bxh6 Bf6 18. Nf7+ Kh7 19. Bf4 Qd7 20. Ng5+ Kg6 21. h4 Re7 22. Rfd1 b5 23. Qb3 Bd5 24. Qa3 Qc8 25. b4 Rd7 26. Bf1 Be7 27. Bd2 c6 28. Nh3 Nc7 29. Bg5 Bf8 30. Nf4+ Kf7 31. e3 a5 32. Qb2 axb4 33. Nxd5 Nxd5 34. Bxb5 cxb5 35. Rxc8 Rxc8 36. Kg2 Rdc7 37. Qe2 g6 38. Rh1 Nc3 39. Qb2 Ra8 40. h5 Rxa2 41. Qb3+ Rc4 42. h6 Bxh6 43. Rxh6 Ra3 44. Qb2 Na4 45. Qb1 b3 46. Qh1 b2 47. Rh8 Rc1 48. Qh7+ Ke6 49. Rd8 Rg1+ 50. Kxg1 b1Q+ 51. Kg2 1-0

[Event "Tres Cantos op 11th"]
[Site "Tres Cantos"]
[Date "2019.06.28"]
[Round "7"]
[White "Pindado Campos, Raul"]
[Black "Martin Arbeloa, Fernando"]
[Result "1-0"]
[WhiteElo "2103"]
[BlackElo "1920"]
[PlyCount "45"]
[EventDate "2019.06.22"]
[EventType "swiss"]
[EventRounds "9"]
[EventCountry "ESP"]
[SourceTitle "CBM 195 Extra"]
[Source "ChessBase"]
[SourceDate "2020.05.31"]
[SourceVersion "1"]
[SourceVersionDate "2020.05.31"]
[SourceQuality "1"]

1. d4 Nf6 2. Nf3 d5 3. c4 e6 4. g3 Be7 5. Bg2 0-0 6. 0-0 dxc4 7. Qc2 a6 8. a4 Nc6 9. Qxc4 Nb4 10. Bd2 Nbd5 11. Qc2 Bd7 12. Ne5 a5 13. Na3 c6 14. Nac4 Bb4 15. Bg5 h6 16. Nxd7 Qxd7 17. Bxf6 b5 18. Ne5 Qb7 19. Bxg7 Kxg7 20. Qxc6 Qxc6 21. Nxc6 bxa4 22. Bxd5 exd5 23. Rxa4 1-0

[Event "Madrid-ch final"]
[Site "Madrid"]
[Date "2019.05.28"]
[Round "4"]
[White "Bello Burguet, Glenier Lazaro"]
[Black "Pindado Campos, Raul"]
[Result "1/2-1/2"]
[WhiteElo "1961"]
[BlackElo "2089"]
[PlyCount "84"]
[EventDate "2019.05.25"]
[EventType "swiss"]
[EventRounds "7"]
[EventCountry "ESP"]
[SourceTitle "CBM 190 Extra"]
[Source "ChessBase"]
[SourceDate "2019.07.15"]
[SourceVersion "1"]
[SourceVersionDate "2019.07.15"]
[SourceQuality "1"]

1. d4 Nf6 2. Nf3 e6 3. c4 d5 4. Nc3 Be7 5. Bg5 h6 6. Bh4 Nbd7 7. e3 c6 8. Bd3 dxc4 9. Bxc4 b5 10. Bd3 a6 11. 0-0 Bb7 12. Rc1 c5 13. Qe2 0-0 14. Rfd1 cxd4 15. Nxd4 Qb6 16. Bb1 Rfe8 17. Bg3 Rac8 18. h3 Nc5 19. a3 Ba8 20. b4 Nce4 21. Nxe4 Nxe4 22. Qd3 g6 23. Bh2 Bf6 24. f3 Bxd4 25. exd4 Nd6 26. Bxd6 Qxd6 27. Qe3 Kh7 28. Qe5 Qd7 29. Rc5 Red8 30. Be4 Rxc5 31. bxc5 a5 32. h4 b4 33. axb4 axb4 34. h5 b3 35. Qf6 Bxe4 36. fxe4 b2 37. c6 Qc7 38. hxg6+ fxg6 39. Rb1 Rd6 40. Rxb2 Rxc6 41. e5 Qd7 42. Rf2 Rc7 1/2-1/2

[Event "San Sebastian de los Reyes op 20th"]
[Site "San Sebastian"]
[Date "2018.12.06"]
[Round "6"]
[White "Martin Rodriguez, Emilio"]
[Black "Pindado Campos, Raul"]
[Result "1/2-1/2"]
[WhiteElo "1994"]
[BlackElo "2065"]
[PlyCount "73"]
[EventDate "2018.12.01"]
[EventType "swiss"]
[EventRounds "9"]
[EventCountry "ESP"]
[SourceTitle "CBM 187 Extra"]
[Source "ChessBase"]
[SourceDate "2018.11.04"]
[SourceVersion "1"]
[SourceVersionDate "2018.11.04"]
[SourceQuality "1"]

1. d4 d5 2. Nf3 Nf6 3. Bg5 e6 4. e3 Be7 5. c3 0-0 6. Nbd2 b6 7. Ne5 Nfd7 8. Bxe7 Qxe7 9. Nxd7 Nxd7 10. Bb5 Nb8 11. Qe2 c5 12. 0-0 Bd7 13. Bd3 Nc6 14. f4 f5 15. Nf3 Rab8 16. Bb5 Na5 17. Ne5 Be8 18. b3 Rc8 19. Rac1 Bxb5 20. Qxb5 Qe8 21. Qa6 Nc6 22. Nd3 Qe7 23. Qb5 Nd8 24. c4 Nf7 25. dxc5 bxc5 26. Rfe1 Nd6 27. Qa5 Ne4 28. Ne5 Rfd8 29. g3 Qb7 30. Rc2 Rd6 31. Rec1 Rcd8 32. Qe1 d4 33. exd4 Rxd4 34. Nf3 R4d6 35. Qe2 h6 36. Ne5 Qb4 37. Qh5 1/2-1/2